000 00397nam a2200157Ia 4500
008 240729s9999 xx 000 0 und d
022 _a2373-8731
245 0 _aTransplantation Direct
260 _aUnited States
260 _bWolters Kluwer
650 _a Surgery
650 _aMedicine
856 _uhttps://doaj.org/toc/958c42890fe7414ea22fff621ef729d7
942 _2ddc
942 _cDOAJEJ
999 _c68765
_d68765
945 _a1
_bMadushi Gamage
_c1
_dMadushi Gamage